• 首页
  • 本馆介绍
  • 公告通知
  • 最新文献
  • 馆藏检索
  • 电子资源
  • 读者导购
  • 参考咨询
  • 我的图书馆
  • 登录
  • 详细信息显示
  • 放入我的书架
  • 预约/预借图书
  • 作者相关作品
  • 分类相关作品
  • 丛书相关作品
  • 出版社相关作品

书目信息

  • 表格格式
  • 工作单格式
  • 卡片格式
题名:
水产品安全生产品质控制
    
 
作者: 洪鹏志 , 章超桦 主编 ;蒋志红 , 刘亚 编
分册:  
出版信息: 北京   化学工业出版社  2005
页数: 287页
开本: 24cm
丛书名: 食品放心工程丛书
单 册:
中图分类: TS254
科图分类:
主题词: 水产品--安全生产 , 水产品--质量控制
电子资源:
ISBN: 7-5025-6393-8
000 01092oam2 2200313 45
001 060000032905
005 20051128141813.45
010    @a7-5025-6393-8@dCNY38.00
092    @aCN
100    @a20050615d2005 ekmy0chiy0120 ea
101 0  @achi
102    @aCN@b110000
105    @ay z 000yy
200 1  @a水产品安全生产品质控制@9shui chan pin an quan sheng chan pin zhi kong zhi@f洪鹏志,章超桦主编@Fhong peng zhi,zhang chao hua zhu bian@g蒋志红,刘亚编
210    @a北京@c化学工业出版社@d2005
215    @a287页@d24cm
225 2  @a食品放心工程丛书
330    @a本书包括绪论,水产品安全与质量控制体系,水产品中存在的危害,水产品中危害的控制方法,实际生产中的危害控制,水产品安全与质量控制体系文件的编写等内容。
410  0 @12001 @a食品放心工程丛书
606 0  @a水产品@x安全生产
606 0  @a水产品@x质量控制
690    @aTS254@v4
701  0 @a洪鹏志@Ahong peng zhi@4主编
701  0 @a章超桦@Azhang chao hua@4主编
702  0 @a蒋志红@Ajiang zhi hong@4编
702  0 @a刘亚@Aliu ya@4编
801  0 @aCN@bCXYBOOK@c20051128
905    @a10447@dTS254@e34
999    @aWJ@eDF
    
    水产品安全生产品质控制/洪鹏志,章超桦主编/蒋志红,刘亚编.-北京:化学工业出版社,2005
    287页;24cm.-(食品放心工程丛书)
    
    
    ISBN 7-5025-6393-8:CNY38.00
    本书包括绪论,水产品安全与质量控制体系,水产品中存在的危害,水产品中危害的控制方法,实际生产中的危害控制,水产品安全与质量控制体系文件的编写等内容。
●
相关链接 在E读中查询图书 在五车中查询图书 在当当中查询图书 在豆瓣中查询图书


正题名:水产品安全生产品质控制     索取号:TS254/34         预约/预借

序号 登录号 条形码 馆藏地/架位号 状态 备注
1 0369344   203693440   第二样本阅览室/ [索取号:TS254/34] 在馆    
2 0369345   203693459   第三借阅区/ [索取号:TS254/34] 在馆    
3 0369346   203693468   第三借阅区/ [索取号:TS254/34] 在馆    
4 0369347   203693477   第三借阅区/ [索取号:TS254/34] 在馆    
5 0369348   203693486   第三借阅区/ [索取号:TS254/34] 在馆    
唐山师范学院图书馆 欢迎您!
大连网信软件有限公司© 版权所有